000 00616nam a2200145Ia 4500
008 090124s9999 xx 000 0 und d
082 _b34638
245 _a खाली जमीन वर आकाश:समीक्षा आणि संवाद
250 _a1
260 _b"काशिद गिरीश, कांबळे विनोद"
_c2008
300 _a184
630 _a खाली जमीन वर आकाश:समीक्षा आणि संवाद
730 _a खाली जमीन वर आकाश:समीक्षा आणि संवाद
942 _cBOOK
999 _c201142
_d201142